Statystyki dla top 10 napoi gazowanych w polsce

Kliknij tutaj aby rozwiązać quiz!

Ogólne statystyki

  • Ten quiz został rozwiązany 412 razy
  • Średni wynik to 6 z 10

Statystyki odpowiedzi

HintOdpowiedź% Poprawnych
ccola
93%
ggrappa ice
62%
drdr.pepper
61%
ppepsi
61%
ffanta
57%
ttiger
56%
ssprite
51%
mmoutain dew
43%
mmonster
41%
mmirinda
37%

Rozkład punktacji

Percentyl według liczby udzielonych odpowiedzi

Procent ludzi z każdym wynikiem

Twoja historia wyników

Nie rozwiązałeś tego quizu